| 000 | 00000nam##2200000za#4500 |
| 001 | 9.570248 |
| 003 | CaOODSP |
| 005 | 20220901140008 |
| 007 | cr ||||||||||| |
| 008 | 150406|1997||||xxc|||||o f|0| 0 eng|d |
| 040 | |aCaOODSP|beng |
| 043 | |an-cn--- |
| 086 | 1 |aJ3-8/1997-2E-PDF |
| 110 | 1 |aCanada.|bJustice Canada. |
| 245 | 10|aSocial spending, social results : |h[electronic resource]|boptions for a social justice audit component in the context of the CHST / |c[by] Havi Echenberg. |
| 260 | |aOttawa - Ontario : |bJustice Canada |cMay 1997. |
| 300 | |a32p. |
| 490 | 1 |aWorking document|vWD1997-2e |
| 590 | |a11-08-Supp|b2011-06-16 |
| 720 | 1 |aEchenberg, Havi |
| 830 | #0|aWorking document ;|vWD1997-2e|w(CaOODSP)9.505668 |
| 856 | 40|ahttp://publications.gc.ca|qPDF|s104 KB|uhttps://publications.gc.ca/collections/collection_2011/jus/J3-8-1997-2-eng.pdf|yWD1997-2e |